New approaches to countering terrorism (Registro nro. 305101)

Detalles MARC
000 -ENCABEZADO
Número de control [NR] 02900cam a2200385 i 4500
001 - NÚMERO DE CONTROL
control field 18574454
005 - FECHA Y HORA DE LA ÚLTIMA TRANSACCIÓN
control field 20161122084240.0
008 - DE LONGITUD FIJA DE DATOS DE ELEMENTOS - INFORMACIÓN GENERAL
Elementos de longitud fija [NR] 161122s2015 xxu frb 001 0 eng d
010 ## - NUMERO DE CONTROL DE LA BIBLIOTECA DEL CONGRESO (LC) [NR]
Número de control LC [NR] 2014451857
015 ## - NUMERO DE BIBLIOGRAFIA NACIONAL [R]
Número de bibliografía nacional [R] GBB4D6917
Fuente [NR] bnb
016 7# - NUMERO DE CONTROL DE AGENCIA BIBLIOGRAFICA NACIONAL [R]
Número de control [NR] 016964401
Fuente [NR] Uk
020 ## - NUMERO INTERNACIONAL NORMALIZADO PARA LIBROS [R]
Número Internacional Normalizado del libro [NR] 9781137449962
020 ## - NUMERO INTERNACIONAL NORMALIZADO PARA LIBROS [R]
Número Internacional Normalizado del libro [NR] 1137449969
020 ## - NUMERO INTERNACIONAL NORMALIZADO PARA LIBROS [R]
Número Internacional Normalizado del libro [NR] 9781137480026
020 ## - NUMERO INTERNACIONAL NORMALIZADO PARA LIBROS [R]
Número Internacional Normalizado del libro [NR] 1137480025
035 ## - NUMERO DE CONTROL DEL SISTEMA [R]
Número de control del sistema [NR] (OCoLC)ocn885228588
040 ## - FUENTE DE CATALOGACION [NR]
Agencia de catalogación original [NR] Co-BoUCM
Idioma de catalogación [NR] spa
Quien Cataloga Saul Niño
Quien Clasifica Saul Niño
041 0# - CODIGO DE IDIOMA [R]
Código de idioma para texto/pista de sonido o título separado [R] Inglés
100 1# - ASIENTO PRINCIPAL--NOMBRE PERSONAL [NR]
Nombre personal [NR] El-Said, Hamed
ID Autoridad 82013
245 10 - MENCION DE TITULO [NR]
Título [NR] New approaches to countering terrorism
Parte restante del título [NR] designing and evaluating counter radicalization and de-radicalization programs
Mención de responsabilidad, etc. [NR] Hamed El-Said
246 1# - FORMA VARIANTE DEL TITULO [R]
Título propiamente dicho/forma breve del título [NR] Designing and evaluating counter radicalization and de-radicalization programs
260 ## - PUBLICACION, DISTRIBUCION, ETC. (PIE DE IMPRENTA) [R]
Lugar de publicación, distribución, etc. [R] Portsmouth (New Hampshire, Estados Unidos)
Nombre del editor, distribuidor, etc. [R] Pelgrave macmillan
Fecha de publicación, distribución, etc. [R] 2015
300 ## - DESCRIPCION FISICA [R]
Extensión [R] 302 páginas
490 0# - MENCION DE SERIE [R]
Mención de serie [R] New security challenges series
504 ## - NOTA DE BIBLIOGRAFIA, ETC. [R]
Nota de bibliografía, etc. [NR] Incluye referencias bibliográficas e índices
505 0# - NOTA DE CONTENIDO CON FORMATO PREESTABLECIDO [R]
Nota de contenido con formato preestablecido [NR] 1. Introduction -- 2. Counter De-Rad: Setting the Framework -- 3. Radicalization in a Western Context: The Case of Australia -- 4. Counter Radicalization and Deradicalization in a Western Context: The Case of Australia -- 5. Mauritania: From Toleration to Violent Islam -- 6. Singapore: Crisis of Identity, Shared Values and Religious Rehabilitation -- 7. Sudan: Deradicalization and Counter Radicalization in a Radicalizing Environment -- 8. From Militarization to Democratization: The Transformation of Turkey's Counter Terrorism Strategy -- 9. Conclusion and Some Remarks.
520 ## - NOTA DE RESUMEN, ETC. [R]
Nota de sumario, etc. [NR] Hamed El-Said investigates the emergence of new, 'soft' approaches to counter violent extremists, generally known as counter radicalization and deradicalization programmes (Counter-de-Rad). This is the first work to develop a holistic framework which will allow policy makers and practitioners to better understand conditions conducive to violent extremism, and to better design and effectively implement such programmes in the future. This book, supported and facilitated by a wealth of primary research and consideration of all stakeholders, addresses cultural and legal differences between countries while developing its holistic approach. In addition, the research focuses on and identifies conditions conducive to either the success or the failure of Counter-de-Rad programmes. Finally, it provides a new, broader approach to evaluate the performance of such programmes, one that goes beyond the current narrow models which treat recidivism rates as the main indicator of success or failure.
546 ## - NOTA DE IDIOMA [R]
Nota de idioma [NR] Texto en inglés
650 #7 - ASIENTO SECUNDARIO DE MATERIA - TERMINO TEMATICO [R]
Término temático o nombre geográfico como elemento de entrada [NR] Terrorismo
Subdivisión general [R] Prevención
9 (RLIN) 25425
650 #7 - ASIENTO SECUNDARIO DE MATERIA - TERMINO TEMATICO [R]
Término temático o nombre geográfico como elemento de entrada [NR] Radicalismo
Subdivisión general [R] Prevención
9 (RLIN) 23036
650 #7 - ASIENTO SECUNDARIO DE MATERIA - TERMINO TEMATICO [R]
Término temático o nombre geográfico como elemento de entrada [NR] Conflictos
9 (RLIN) 11577
690 #0 - ASUNTO AGREGADO LOCAL DE ENTRADA - TÉRMINO TEMÁTICO (OCLC, RLIN)
Acceso temático local Ciencia política
9 (RLIN) 340
942 ## - ELEMENTOS DE ENTRADA AGREGADOS (KOHA)
Sistema de clasificación DEWEY
Tema principal Ciencia política
Tipo de ítem principal el descrito en 300a Libro de reserva
Edición 1
Clasificación 363.32517
Parte restante de la signatura top. E491ne
Existencias
Signatura topográfica Código de barras Última vez visto Ejemplar Costo de reposición Price effective from Tipo de ítem Perdido Sistema de clasificación Dañado No prestable Tipo de ítem específico Suprimido Ubicación habitual Ubicación actual Localización Fecha de creación Proveedor Forma de adquisición Costo Total préstamos
363.32517 E491ne 100151682 09/12/2025 Ej.1 110700.00 15/11/2016 Libro   DEWEY     Libro   Claustro Claustro 2do piso 15/11/2016 19 Compra 110700.00  
363.32517 E491ne 100151683 09/12/2025 Ej.2 110700.00 15/11/2016 Libro   DEWEY     Libro   Claustro Claustro 2do piso 15/11/2016 19 Compra 110700.00